Service charges in commercial property (Record no. 83231)

MARC details
000 -LEADER
fixed length control field 01238cad a22002055a 4500
001 - CONTROL NUMBER
control field L153208
008 - FIXED-LENGTH DATA ELEMENTS--GENERAL INFORMATION
fixed length control field 110622s2011 xxk 000 0 eng d
035 ## - SYSTEM CONTROL NUMBER
System control number (Sirsi) u153208
041 0# - LANGUAGE CODE
Language code of text/sound track or separate title eng
100 1# - MAIN ENTRY--PERSONAL NAME
Personal name Edwards, Chris
245 00 - TITLE STATEMENT
Title Service charges in commercial property
260 ## - PUBLICATION, DISTRIBUTION, ETC.
Date of publication, distribution, etc. 2011
490 #0 - SERIES STATEMENT
Series statement RICS Commercial Property Journal
Volume/sequential designation May-June 2011, 5-7(3)
520 ## - SUMMARY, ETC.
Summary, etc. Provides a comprehensive overview of the new RICS guidance note "Service charges in commercial property" (see L152885) published in May 2011 with effect from 1 October 2011. Sets out the aims and objectives of the revised Code and the core principles now formatted in 26 points and highlights the more important changes from the 1996 edition (see L133990). Acknowledges work by the Practical Law Company and the City of London Law Society which aims to enable Code-compliant leases to become the norm.
590 ## - LOCAL NOTE (RLIN)
Local note KA
651 #4 - SUBJECT ADDED ENTRY--GEOGRAPHIC NAME
Geographic name England and Wales
Chronological subdivision 1543-
690 ## - LOCAL SUBJECT ADDED ENTRY--TOPICAL TERM (OCLC, RLIN)
Topical term or geographic name as entry element PROPERTY-COMMERCIAL PROPERTY-LEASEHOLD COMMERCIAL PROPERTY-COMMERCIAL LANDLORD AND TENANT-COMMERCIAL SERVICE CHARGES
856 40 - ELECTRONIC LOCATION AND ACCESS
Uniform Resource Identifier <a href="https://www.rics.org/site/scripts/documents.aspx?categoryID=316">https://www.rics.org/site/scripts/documents.aspx?categoryID=316</a>
Public note RICS members can view this article free of charge at www.rics.org
942 ## - ADDED ENTRY ELEMENTS (KOHA)
Suppress in OPAC 0
Holdings
Withdrawn status Lost status Source of classification or shelving scheme Damaged status Not for loan Home library Current library Shelving location Date acquired Total Checkouts Full call number Barcode Date last seen Copy number Price effective from Koha item type
    Dewey Decimal Classification     Virtual Virtual Online 22/06/2011   ONLINE PUBLICATION 153208-2001 06/08/2019 1 06/08/2019 Journal article